000 00558nam a22001697a 4500
003 NUST
005 20250513101103.0
020 _a9781987673630
082 _a005.8,WEN
100 _aDu, Wenlinag
_9111642
245 _aSeed labs :
_bInstructor manual /
_cWenliang Du
260 _aLexington
_bUSA
_c2018
300 _a418 p
505 _aSoftware Security (Page-3), Web Security (Page-89), Network Security (Page-137), Crypto (Page-265), System Security (Page-363), Mobile Security (Page-381).
648 _aSeed labs manual
_9128941
942 _2ddc
_cREF
999 _c594408
_d594408